The Revelation: (Record no. 6210)

000 -LEADER
fixed length control field 00679nam a2200193 a 4500
001 - CONTROL NUMBER
control field :::00003953$&:&@@
003 - CONTROL NUMBER IDENTIFIER
control field OkBaRHE
005 - DATE AND TIME OF LATEST TRANSACTION
control field 20000607103315.0
008 - FIXED-LENGTH DATA ELEMENTS--GENERAL INFORMATION
fixed length control field s1968 j 000 0 eng u
040 ## - CATALOGING SOURCE
Transcribing agency
100 1# - MAIN ENTRY--PERSONAL NAME
Personal name Greene, Oliver B.
245 14 - TITLE STATEMENT
Title The Revelation:
Remainder of title verse by verse study.
260 ## - PUBLICATION, DISTRIBUTION, ETC. (IMPRINT)
Place of publication, distribution, etc Greenville, SC.,
Name of publisher, distributor, etc The Gospel Hour
Date of publication, distribution, etc 1968
300 ## - PHYSICAL DESCRIPTION
Extent 543 p. ;
Dimensions 20 cm.
650 ## - SUBJECT ADDED ENTRY--TOPICAL TERM
Topical term or geographic name as entry element Bible New Testament Revelation
General subdivision Commentaries
942 ## - ADDED ENTRY ELEMENTS (KOHA)
Source of classification or shelving scheme
Koha item type Books
Copies
Withdrawn status Permanent Location Source of classification or shelving scheme Full call number Barcode Date acquired Lost status Damaged status Price effective from Date last seen Koha item type Shelving location Not for loan Copy number
 RHEMA Bible Training College BS 2825.3 .G7339532010-04-14  2010-04-142018-04-03BooksGeneral Stacks 1
 RHEMA Bible Training College BS 2825.3 .G73205432010-04-14  2010-04-142018-04-03BooksGeneral Stacks 2